| 000 | 01670cam a2200349 a 4500 | ||
|---|---|---|---|
| 001 | 16717787 | ||
| 003 | OSt | ||
| 005 | 20240118113847.0 | ||
| 008 | 110401s2012 nyub b 001 0 eng | ||
| 010 | _a 2011012092 | ||
| 016 | 7 |
_a015789522 _2Uk |
|
| 020 | _a8178243865 | ||
| 035 | _a(OCoLC)ocn693812378 | ||
| 040 |
_aDLC _cDLC _dYDX _dBTCTA _dYDXCP _dBWX _dUKMGB _dCDX _dDLC |
||
| 042 | _apcc | ||
| 043 | _aa-ii--- | ||
| 050 | 0 | 0 |
_aDS461 _b.A43 2012 |
| 082 | 0 | 0 |
_a954.025 _222 _bALA/W |
| 100 |
_aAlam, Muzaffar _d1947- _92385 |
||
| 245 | 1 | 0 |
_aWriting the Mughal world : _bstudies in political culture / _cMuzaffar Alam, Sanjay Subrahmanyam. |
| 260 |
_aNew York : _bPermanent black, _cc2011. |
||
| 300 |
_axiv, 516 p. : _bmaps ; _c23 cm. |
||
| 504 | _aIncludes bibliographical references and index. | ||
| 505 | 0 | _aLetters from a sinking sultan -- TheMughals look beyond the winds -- On the end of the Akbari dispensation -- The Deccan frontier and Mughal expansion, c. 1600 -- Faizi's Nal-Daman and its long afterlife -- Catholics and Muslims in the court of Jahangir (1608-1611) -- The making of a Munshi -- Trade and politics in the Arcot Nizamat (1700-1732) -- Eighteenth-century historiography and the world of the Mughal Munshi -- The political thought of a late eighteenth-century Mughal prince. | |
| 650 | 0 |
_aPolitics and culture _zMogul Empire _xHistory. |
|
| 651 | 0 |
_aMogul Empire _xHistory. |
|
| 651 | 0 |
_aMogul Empire _xHistoriography. |
|
| 651 | 0 |
_aMogul Empire _xPolitics and government. |
|
| 651 | 0 |
_aMogul Empire _xCommerce _xHistory. |
|
| 700 | 1 | _aSubrahmanyam, Sanjay. | |
| 942 |
_2ddc _cBK _h954.025 _iALA/W _k954.025 _mALA/W |
||
| 999 |
_c43832 _d43832 |
||